000 00870nam a22002417a 4500
005 20140217122355.0
010 _aENG-107584
020 _a9788132110866
_c325.00
035 _aEN-91117
035 _aB-495886
037 _bDBAD/PUB
037 _bAllied Pub/Ven
_adpl
082 _a658.4022
100 _aWheelan, Susan A.
245 _aCreating Effective Teams :
_c by Susan A. Wheelan
_ba guide for members and leaders /
250 _aFourth edition
260 _aNew Delhi
_bSage Publications
_c2013
270 _aB1/I-1 Mohan Cooperative Industrial Area Mathura Road
_bNew Delhi
_e110044
300 _aix,144p.
_c23cm(pbk)
500 _aIncludes bibliographical references and index
942 _2ddc
_cEN
_mWHE
_h658.4022
999 _c76594
_d76594